| 000 | 00461nam a2200181Ia 4500 | ||
|---|---|---|---|
| 005 | 20240823054143.0 | ||
| 008 | 240823s9999||||xx |||||||||||||| ||und|| | ||
| 020 | _a978-93-83103-26-3 | ||
| 041 | _aENGLISH | ||
| 082 | _A621.815 Q5 | ||
| 100 | _aJayakumar V | ||
| 245 | 0 | _aDesign of Transmission Systems | |
| 250 | _a7th | ||
| 260 |
_c2015 _b"Lakshmi Publications,Ch" |
||
| 500 | _aTRANSFERED | ||
| 650 |
_aTransmission System _bMechanical |
||
| 942 | _cBK | ||
| 999 |
_c225801 _d225801 |
||